La economía de Europa en un período de crisis, 1600-1750 / (Record no. 141700)

MARC details
000 -LEADER
campo de control de longitud fija 01264nam a2200277 i 4500
001 - NÚMERO DE CONTROL
campo de control 141700
003 - IDENTIFICADOR DE NÚMERO DE CONTROL
campo de control ES-MaACL
005 - FECHA Y HORA DE LA ÚLTIMA TRANSACCIÓN
campo de control 20230906200341.0
007 - CAMPO FIJO DE DESCRIPCIÓN FÍSICA--INFORMACIÓN GENERAL
campo de control de longitud fija t|
008 - DATOS DE LONGITUD FIJA--INFORMACIÓN GENERAL
campo de control de longitud fija 070926s1979 sp ||||1| spa d
020 ## - NÚMERO INTERNACIONAL ESTÁNDAR DEL LIBRO
Número Internacional Estándar del Libro 84-376-0191-6
080 ## - NÚMERO DE LA CLASIFICACIÓN DECIMAL UNIVERSAL
Número de la Clasificación Decimal Universal 338.1(4)"16/17"
100 1# - ENTRADA PRINCIPAL--NOMBRE DE PERSONA
Nombre de persona Vries, Jan de.
9 (RLIN) 115763
245 13 - MENCIÓN DEL TÍTULO
Título La economía de Europa en un período de crisis, 1600-1750 /
Mención de responsabilidad, etc. Jan de Vries ; [traducción de Fernando Wulff Alonso y Celia Pérez Castelló].
260 ## - PUBLICACIÓN, DISTRIBUCIÓN, ETC.
Lugar de publicación, distribución, etc. Madrid :
Nombre del editor, distribuidor, etc. Cátedra,
Fecha de publicación, distribución, etc. [1979]
300 ## - DESCRIPCIÓN FÍSICA
Extensión 253 p. :
Otras características físicas il., mapas ;
Dimensiones 21 cm.
490 1# - MENCIÓN DE SERIE
Mención de serie Historia. Serie menor
505 8# - NOTA DE CONTENIDO CON FORMATO
Nota de contenido con formato Contiene: El período de crisis ; Las economías agrarias siguen caminos distintos ; La reestructuración de la industria ; El dinamismo del comercio ; Urbanización y tráfico regional ; El capitalismo se crea su propia demanda ; La acumulación de capital y la burguesía ; Mercantilismo, absolutismo y crecimiento económico
651 #4 - PUNTO DE ACCESO ADICIONAL DE MATERIA--NOMBRE GEOGRÁFICO
Nombre geográfico Europa-
Subdivisión general Situación económica-
Subdivisión cronológica S.XVII.
9 (RLIN) 173812
651 #4 - PUNTO DE ACCESO ADICIONAL DE MATERIA--NOMBRE GEOGRÁFICO
Nombre geográfico Europa-
Subdivisión general Situación económica-
Subdivisión cronológica S.XVIII.
9 (RLIN) 167739
700 1# - ENTRADA AGREGADA--NOMBRE PERSONAL
Nombre de persona Wulff Alonso, Fernando.
9 (RLIN) 117446
700 1# - ENTRADA AGREGADA--NOMBRE PERSONAL
Nombre de persona Pérez Castelló, Celia.
9 (RLIN) 90718
830 1# - PUNTO DE ACCESO ADICIONAL DE SERIE-TÍTULO UNIFORME
Título uniforme Historia. Serie menor
9 (RLIN) 178513
852 4# - LOCALIZACIÓN
Ubicación ES-MaACL
Número de control de estantería A-10369
Holdings
Estatus retirado Estado de pérdida Estado de daño No para préstamo Biblioteca de origen Biblioteca actual Ubicación en estantería Fecha de adquisición Fuente de adquisición Total de préstamos Signatura topográfica completa Código de barras Visto por última vez Precio de reemplazo Tipo de ítem Koha
        Biblioteca del Ateneo de Madrid Biblioteca del Ateneo de Madrid Depósito 1 17/01/2008     A-10369 1147441 23/02/2023 23/02/2023 Libro impreso